000 00896nam a22002777a 4500
001 BR8803061
003 BR-BrBNA
005 20230928092913.0
007 ta
008 230509b bl.||||| |||| 00| 0 por d
040 _aBR-BrBNA
_bpor
_cBiblioteca Nacional de Agricultura
041 _a(Por)
072 _aE14; E50
_b/G514
090 _ E14 BR8803061
110 1 _aSecretaria de Estado do Planejamento e Coordenacao Geral, Belo Horizonte, MG (Brasil)
_98929
245 1 _aProjeto nordeste. Programa de apoio ao pequeno produtor rural - regiao mineira do nordeste. V6. Apoio a pesquenas comunidades rurais
260 3 _aBelo Horizonte, MG (Brasil):
_c1984.
300 _a54 p.
500 _a(Por)
650 _aPROJETO AGRICOLA
650 _aDESENVOLVIMENTO RURAL
650 _aPEQUENO PRODUTOR
650 _aREGIAO NORDESTE
909 _a202309
_bLucia
_c55
_dLucia Elande
942 _cBK
999 _c41893
_d41893